000 00306nam a22001337a 4500
005 20250918160201.0
008 mnk,.lm,/
050 _aPA3000
_bWOR
100 _aWORDSWORTH WILLIAM
245 _aSELECTED POEMS
260 _aLONDON
_bEVERYMAN PUBLISHERS PLC
_c1994
300 _aivii, 523p
942 _2lcc
_cBK
_n0
999 _c7593
_d7593